LEADER 00870naa a2200205 u 4500 001 000000094615 003 CaOOAMICUS 005 20070226130139.0 008 040505s1976 it u000 u ita u 035 $a10993493 040 $aIAR$bita 100 1 $aFranceschini, Ezio,$d1906-1983.$0(OLS)http://pul/name/6895 245 13$aUn dramma latino del secolo XII :$bil "Ludus de Antichristo" /$cEzio Franceschini. 260 $aPadova :$bEditrice Antenore,$c1976. 300 $aS. 802-828, ;$c26 cm 630 04$aLudus de Antichristo.$0(OLS)http://pul/subject/30189 773 0 $aScritti di filologia latina medievale. 773 0 $aFranceschini, Ezio.$tScritti di filologia latina medievale$w()6792 996 $6245$aUn dramma latino del secolo XII :$bil "Ludus de Antichristo"$9(OLS)http://pul/title/121485 996 $6260$aPadova :$bEditrice Antenore$9(OLS)http://pul/publisher/48699 LEADER 01143nam a2200265 a 4500 001 000000144679 003 CaOOAMICUS 005 20150707150735.0 008 150707s2001 it a u000 u ita r 040 $aPUL$bita 245 03$aIl Papa e i giovani. Insieme /$cprefazione del card. James Francis Stafford ; testi di Mimmo Muolo. 260 $a[Roma] :$bRetablo$g2001 300 $a349 p. :$bill. ;$c28 cm 500 $aIn testa al front.: Fondazione Gioventù Chiesa Speranza. 504 $aBibliografia in nota. 600 04$aIohannes Paulus PP.$bII,$cs.,$d1920-2005$xGiovani.$0(OLS)http://pul/subject/40802 700 1 $aMuolo, Mimmo.$0(OLS)http://pul/name/92762 700 1 $aStafford, Francis J.$0(OLS)http://pul/name/41008 710 2 $aFondazione Gioventù Chiesa Speranza.$0(OLS)http://pul/name/92761 850 $aPUL 852 $aPUL$W1$xDP1 Fondo S. Lanza$y121$m3 I 32$j167035$qFondi$B167623$CPULBib$Z2$F167623 $HLan2130 $82 941 1 $a1 996 $6245$aIl Papa e i giovani. Insieme$9(OLS)http://pul/title/183012 996 $6260$a[Roma] :$bRetablo$9(OLS)http://pul/publisher/81773